000 nam a22 7a 4500
999 _c9528
_d9528
008 180201b ||||| |||| 00| 0 eng d
100 _aBrainwaves R&D Team
_95702
245 _aWeb page publishing : Interactive guide
260 _aNew Delhi
_bRachna Publication
_c2007